<?xml version="1.0" encoding="UTF-8"?>
<record
    xmlns:xsi="http://www.w3.org/2001/XMLSchema-instance"
    xsi:schemaLocation="http://www.loc.gov/MARC21/slim http://www.loc.gov/standards/marcxml/schema/MARC21slim.xsd"
    xmlns="http://www.loc.gov/MARC21/slim">

  <leader>00739nam a22001697a 4500</leader>
  <controlfield tag="008">110911t1981    xxu||||g |||| 000 0 ara d</controlfield>
  <datafield tag="082" ind1=" " ind2=" ">
    <subfield code="2">22</subfield>
    <subfield code="a">350.75</subfield>
    <subfield code="b">&#x642; &#x62B; &#x627; </subfield>
  </datafield>
  <datafield tag="100" ind1=" " ind2=" ">
    <subfield code="9">27090</subfield>
    <subfield code="a">&#x627;&#x644;&#x642;&#x62B;&#x627;&#x645;&#x649;&#x60C;&#x62D;&#x645;&#x648;&#x62F; &#x628;&#x646; &#x636;&#x627;&#x648;&#x649;</subfield>
  </datafield>
  <datafield tag="245" ind1=" " ind2=" ">
    <subfield code="a">&#x631;&#x62C;&#x644; &#x627;&#x644;&#x623;&#x645;&#x646; &#x648;&#x627;&#x644;&#x645;&#x645;&#x627;&#x631;&#x633;&#x629; &#x627;&#x644;&#x625;&#x62F;&#x627;&#x631;&#x64A;&#x629; /</subfield>
    <subfield code="c">&#x62D;&#x645;&#x648;&#x62F; &#x628;&#x646; &#x636;&#x627;&#x648;&#x649; &#x627;&#x644;&#x642;&#x62B;&#x627;&#x645;&#x649; </subfield>
  </datafield>
  <datafield tag="260" ind1=" " ind2=" ">
    <subfield code="a">&#x62C;&#x62F;&#x629;:</subfield>
    <subfield code="b">&#x627;&#x644;&#x62F;&#x627;&#x631; &#x627;&#x644;&#x633;&#x639;&#x648;&#x62F;&#x64A;&#x629;&#x644;&#x644;&#x646;&#x634;&#x631; &#x648; &#x627;&#x644;&#x62A;&#x648;&#x632;&#x64A;&#x639;&#x60C;1981.</subfield>
    <subfield code="c">1981.</subfield>
  </datafield>
  <datafield tag="300" ind1=" " ind2=" ">
    <subfield code="a"> :359&#x635;</subfield>
    <subfield code="b">&#x635;&#x648;&#x631;&#x61B;</subfield>
    <subfield code="c">24&#x633;&#x645;.</subfield>
  </datafield>
  <datafield tag="650" ind1=" " ind2=" ">
    <subfield code="9">27091</subfield>
    <subfield code="a">&#x627;&#x644;&#x623;&#x645;&#x646; &#x627;&#x644;&#x642;&#x648;&#x645;&#x649; </subfield>
  </datafield>
  <datafield tag="650" ind1=" " ind2=" ">
    <subfield code="9">15457</subfield>
    <subfield code="a">&#x627;&#x644;&#x634;&#x631;&#x637;&#x629;</subfield>
  </datafield>
  <datafield tag="653" ind1=" " ind2=" ">
    <subfield code="b">General</subfield>
    <subfield code="c">September2011</subfield>
  </datafield>
  <datafield tag="942" ind1=" " ind2=" ">
    <subfield code="2">ddc</subfield>
    <subfield code="c">BB</subfield>
  </datafield>
  <datafield tag="999" ind1=" " ind2=" ">
    <subfield code="c">15983</subfield>
    <subfield code="d">15983</subfield>
  </datafield>
  <datafield tag="952" ind1=" " ind2=" ">
    <subfield code="0">0</subfield>
    <subfield code="1">0</subfield>
    <subfield code="2">ddc</subfield>
    <subfield code="4">0</subfield>
    <subfield code="7">0</subfield>
    <subfield code="8"> </subfield>
    <subfield code="a">MAIN</subfield>
    <subfield code="b">MAIN</subfield>
    <subfield code="c">1ST</subfield>
    <subfield code="d">2011-09-11</subfield>
    <subfield code="e">Purchase</subfield>
    <subfield code="o">350.75 &#x642; &#x62B; &#x627;</subfield>
    <subfield code="p">000024395</subfield>
    <subfield code="r">2025-07-15 00:00:00</subfield>
    <subfield code="y">BB</subfield>
  </datafield>
</record>
